Montagnes par Pays - Statistiques

Statistiques générales
  • Ce quiz a été pris 16 215 fois
  • Le résultat moyen est 9 sur 20
Statistiques - réponses
Montagne Pays % Correct
Mont Fuji Japon
99%
Vésuve Italie
96%
Everest Népal / Chine
95%
Mont Olympe Grèce
90%
Denali/ Mont McKinley États-Unis
79%
Eyjafjallajökull Islande
73%
Mont Kilimanjaro Tanzanie
66%
Mont Sinaï Egypte
45%
Aoraki / Mont Cook Nouvelle-Zélande
41%
Mont Ararat Turquie
39%
Elbrouz Russie
37%
Krakatoa Indonesie
36%
Aconcagua Argentine
30%
Popocatepetl Mexique
30%
Ben Nevis Royaume-Uni
20%
Teide Espagne
17%
La Meije France
16%
Pinatubo Philippines
16%
Montagne de la Table Afrique du Sud
14%
Mont Kosciuszko Australie
10%
Aucun quiz correspondant
Distribution des résultats
% des personnes avec chaque résultat
Percentile par nombre de réponses
Votre historique - résultats
Vous n’avez pas pris ce quiz